Govt. of
Madhya Pradesh

Sarojini Naidu Freedom Fighter of India (Record no. 63402)

MARC details
000 -LEADER
fixed length control field 00265nam a22000977a 4500
100 ## - MAIN ENTRY--AUTHOR NAME
Personal name Gohil,Dr. Manoj Kumar
245 ## - TITLE STATEMENT
Title Sarojini Naidu Freedom Fighter of India
260 ## - PUBLICATION, DISTRIBUTION, ETC. (IMPRINT)
Place of publication Delhi
Name of publisher Navchetna Sahitya Sadan
Year of publication 2019
650 ## - SUBJECT ADDED ENTRY--TOPICAL TERM
Topical Term Children Book
942 ## - ADDED ENTRY ELEMENTS (KOHA)
Koha item type Books
Holdings
Withdrawn status Lost status Damaged status Not for loan Home library Current library Date acquired Cost, normal purchase price Full call number Accession Number Price effective from Koha item type
        MACL MACL 25/09/2020 450.00 741.642 RRC000283 25/09/2020 Books